[Event "POL-ch U16"]
[Site "Sypniewo"]
[Date "2022.03.19"]
[Round "1"]
[White "Rog, Bartlomiej"]
[Black "Melerowicz, Dominik"]
[Result "1-0"]
[WhiteElo "2143"]
[BlackElo "1825"]
[PlyCount "101"]
[EventDate "2022.03.19"]
[EventType "swiss"]
[EventRounds "9"]
[EventCountry "POL"]
[SourceTitle "CBM 207 Extra"]
[Source "ChessBase"]
[SourceDate "2022.05.31"]
[SourceVersion "1"]
[SourceVersionDate "2022.05.31"]
[SourceQuality "1"]

1. e4 c5 2. Nc3 a6 3. Nf3 d6 4. g3 Nf6 5. Bg2 g6 6. d4 cxd4 7. Nxd4 Bg7 8. 0-0 0-0 9. h3 Qc7 10. Be3 Nc6 11. Nde2 b5 12. Nd5 Nxd5 13. exd5 Ne5 14. Bd4 Bb7 15. Rc1 Rac8 16. b3 a5 17. Qd2 Ba6 18. f4 Nd7 19. Bxg7 Kxg7 20. Nd4 b4 21. Rfe1 Rfe8 22. Re3 Nb6 23. Nc6 Bb5 24. c3 e6 25. cxb4 Nxd5 26. Bxd5 exd5 27. Qd4+ f6 28. Rxe8 Rxe8 29. Qa7 Qxa7+ 30. Nxa7 Be2 31. bxa5 d4 32. Rc2 d3 33. Rd2 Ra8 34. Nc6 Bf3 35. Nb4 Be4 36. a6 Kf7 37. Kf2 Ke6 38. Ke3 f5 39. Kd4 Kd7 40. a4 Ra7 41. Nd5 Kc6 42. b4 Bxd5 43. b5+ Kb6 44. Kxd5 Ka5 45. Kc6 Kxa4 46. Kb6 Re7 47. a7 Re8 48. Ka6 d5 49. Rxd3 Re6+ 50. b6 Re8 51. Rd4+ 1-0

[Event "Ustron op-C"]
[Site "Ustron"]
[Date "2020.08.15"]
[Round "7"]
[White "Tarka, Aleksandra"]
[Black "Melerowicz, Dominik"]
[Result "0-1"]
[WhiteElo "1618"]
[BlackElo "1366"]
[PlyCount "142"]
[EventDate "2020.08.15"]
[EventType "swiss"]
[EventRounds "9"]
[EventCountry "POL"]
[SourceTitle "EXT 2021"]
[Source "ChessBase"]
[SourceDate "2020.10.23"]
[SourceVersion "1"]
[SourceVersionDate "2020.10.23"]
[SourceQuality "1"]

1. e4 c5 2. d3 d6 3. g3 Nf6 4. Bg2 g6 5. f4 Bg7 6. Nf3 0-0 7. 0-0 Nc6 8. c3 Rb8 9. h3 b5 10. Be3 Qc7 11. g4 c4 12. g5 Nh5 13. Nh4 cxd3 14. Qxd3 b4 15. Rf2 bxc3 16. Nxc3 Nb4 17. Qd2 Ba6 18. Bf1 Bxf1 19. Rfxf1 Rfc8 20. a3 Na6 21. Rac1 Qb7 22. Nd5 Ng3 23. Rxc8+ Rxc8 24. Rd1 e6 25. Nc3 Bxc3 26. bxc3 Qxe4 27. Kf2 Nh1+ 28. Kf1 d5 29. Qd3 Ng3+ 30. Kf2 Qxd3 31. Rxd3 Ne4+ 32. Ke1 Nac5 33. Bxc5 Rxc5 34. Nf3 Nxc3 35. Ne5 Ne4 36. Nd7 Rc7 37. Ne5 Kg7 38. h4 h5 39. Rb3 f6 40. Nf3 fxg5 41. fxg5 Nd6 42. Kd2 Rc4 43. Rb8 Rf4 44. Rb3 Nc4+ 45. Ke2 e5 46. Rb7+ Rf7 47. Rb5 Rd7 48. a4 Kf7 49. Rc5 Ke6 50. Rc6+ Nd6 51. a5 e4 52. Nd4+ Ke5 53. Nb3 Rb7 54. Nc5 Rb2+ 55. Ke1 d4 56. Nd7+ Kd5 57. Rc5+ Ke6 58. Ne5 Rb5 59. Rxb5 Nxb5 60. Nxg6 Nd6 61. Nf4+ Kf5 62. Nxh5 Kg4 63. Nf6+ Kf3 64. g6 Nf5 65. h5 d3 66. Nxe4 Kxe4 67. g7 Nh6 68. Kd2 Kd4 69. Kd1 Kc3 70. Kc1 a6 71. Kd1 d2 0-1

[Event "Ustron op-C"]
[Site "Ustron"]
[Date "2020.08.15"]
[Round "5"]
[White "Ziemski, Przemyslaw"]
[Black "Melerowicz, Dominik"]
[Result "1-0"]
[WhiteElo "1699"]
[BlackElo "1366"]
[PlyCount "52"]
[EventDate "2020.08.15"]
[EventType "swiss"]
[EventRounds "9"]
[EventCountry "POL"]
[SourceTitle "EXT 2021"]
[Source "ChessBase"]
[SourceDate "2020.10.23"]
[SourceVersion "1"]
[SourceVersionDate "2020.10.23"]
[SourceQuality "1"]

1. c4 Nf6 2. Nc3 g6 3. g3 Bg7 4. Bg2 0-0 5. Nf3 d6 6. 0-0 e5 7. d3 Nc6 8. Rb1 Nd7 9. b4 f5 10. Qb3 Nd4 11. Nxd4 exd4 12. Nd5 Kh8 13. e3 Nf6 14. exd4 Nxd5 15. Bxd5 Bxd4 16. Bh6 Re8 17. Rfe1 Rxe1+ 18. Rxe1 c6 19. Bf7 Bd7 20. b5 Qf6 21. bxc6 bxc6 22. Qb7 Rd8 23. Qxd7 Be5 24. Qe6 Qxe6 25. Bxe6 Rb8 26. c5 Rd8 1-0